| 000 | 00543 a2200193 4500 | ||
|---|---|---|---|
| 001 | 065881 | ||
| 003 | OSt | ||
| 005 | 20251208170907.0 | ||
| 008 | |||
| 082 |
_a005.13 _bA68D |
||
| 100 | 1 | _aAho, Alfred V. | |
| 245 | 1 |
_aData structures and algorithms _cBy Alfred V. Aho And John E. Hopcraft |
|
| 260 |
_aNew Delhi _bPearson _c2009 |
||
| 300 | _a433p. | ||
| 500 | _aEnglish | ||
| 690 | _aData structures (Computer science); Computer algorithms; Algorithms | ||
| 700 | _aHopcraft, John E. | ||
| 942 |
_2ddc _cBK |
||
| 999 |
_c152 _d152 |
||